De la liberté d'association au point de vue du droit public a travers les âges / (Record no. 168007)

MARC details
000 -LEADER
campo de control de longitud fija 00664nam a22001815i 4500
001 - NÚMERO DE CONTROL
campo de control 168007
003 - IDENTIFICADOR DE NÚMERO DE CONTROL
campo de control ES-MaACL
005 - FECHA Y HORA DE LA ÚLTIMA TRANSACCIÓN
campo de control 20251004063218.0
008 - DATOS DE LONGITUD FIJA--INFORMACIÓN GENERAL
campo de control de longitud fija 020820s1887 fr |||| | fre d
040 ## - FUENTE DE CATALOGACIÓN
Centro catalogador/agencia de origen CCPB | B
Lengua de catalogación spa
Centro/agencia transcriptor CCPB | B
100 1# - ENTRADA PRINCIPAL--NOMBRE DE PERSONA
Nombre de persona Worms, Émile,
Fechas asociadas al nombre 1838-1918
9 (RLIN) 133966
245 10 - MENCIÓN DEL TÍTULO
Título De la liberté d'association au point de vue du droit public a travers les âges /
Mención de responsabilidad, etc. Émile Worms.
260 ## - PUBLICACIÓN, DISTRIBUCIÓN, ETC.
Lugar de publicación, distribución, etc. Paris :
Nombre del editor, distribuidor, etc. Dentu et c\pie\s, éditeurs,
Fecha de publicación, distribución, etc. 1887 (
Fabricante Imprimerie Paul Dupont)
300 ## - DESCRIPCIÓN FÍSICA
Extensión VIII, 383 p. ;
Dimensiones 22 cm.
650 #4 - PUNTO DE ACCESO ADICIONAL DE MATERIA--TÉRMINO DE MATERIA
Término de materia o nombre geográfico como elemento de entrada Libertad de asociación.
9 (RLIN) 136406
852 ## - LOCALIZACIÓN
Ubicación ES-MaACL
Número de control de estantería F-10235
Nota libre -- Enc. pasta española
Holdings
Estatus retirado Estado de pérdida Estado de daño No para préstamo Colección Biblioteca de origen Biblioteca actual Ubicación en estantería Fecha de adquisición Fuente de adquisición Total de préstamos Signatura topográfica completa Código de barras Visto por última vez Precio de reemplazo Tipo de ítem Koha
        Libros del s. XIX Biblioteca del Ateneo de Madrid Biblioteca del Ateneo de Madrid Sala Pecera Planta 2 17/01/2008     F-10235 1176256 23/02/2023 23/02/2023 Libro impreso antiguo